The spiritual interpretation of history /
محفوظ في:
المؤلف الرئيسي:
التنسيق: كتاب
اللغة: English
منشور في:
Cambridge :
Harvard university press,
1916.
سلاسل:
William Belden Noble lectures.
الموضوعات:
الوسوم: إضافة وسم
لا توجد وسوم, كن أول من يضع وسما على هذه التسجيلة!
رقم الطلب: D16.8 .M3 1916
| LEADER | 00642nam a2200229I 4500 | ||
|---|---|---|---|
| 001 | 4509 | ||
| 003 | OSt | ||
| 005 | 20251119080402.0 | ||
| 008 | 130303s1916 mau 000 0 eng d | ||
| 010 | |a 16025174 | ||
| 035 | |a ocm00393069 | ||
| 040 | |c ARCE Library | ||
| 050 | 4 | |a D16.8 .M3 1916 | |
| 100 | 1 | |a Mathews, Shailer, |d 1863-1941, |e author | |
| 245 | 1 | 4 | |a The spiritual interpretation of history / |c Shailer Mathews. |
| 264 | 1 | |a Cambridge : |b Harvard university press, |c 1916. | |
| 300 | |a 227 pages ; |c 20 cm. | ||
| 490 | 0 | |a William Belden Noble lectures. | |
| 650 | 0 | |a History |x Philosophy. | |
| 901 | |a reviewed | ||
| 942 | |c BK |2 lcc | ||
| 999 | |c 3274 |d 3274 | ||
